000 00830nam a2200289 i 4500
001 000020836
003 DO-SdBNP
005 20250430101514.0
007 ta
008 250430s1994 dr 000 0 spa d
040 _aDO-SdBNP
_bspa
_cBNPHU
_erda
041 _hspa
082 _a378.1012
_bI59r
_222
110 2 _aInstituto Tecnológico de Santo Domingo
_978911
245 1 0 _aReglamentos académicos
264 _aSanto Domingo :
_bINTEC,
_c1997.
300 _a53 paginas. ;
_c21 cm.
336 _2rdacontent
_atexto
_btxt
337 _2rdamedia
_asin mediación
_bn
338 _2rdacarrier
_avolumen
_bnc
505 0 _a
590 _aInventariado, 2025 /DG
610 0 _aINSTITUTO TECNOLÓGICO DE SANTO DOMINGO
_vREGLAMENTOS
_91629
650 _aUniversidades
_vREGLAMENTOS
_91627
910 _aDG
942 _2ddc
_cLBS1
999 _c58865
_d58865